Liedtext - Hurra die Welt geht unter - K.I.Z - Statistiken

Allgemein
  • Dieses Quiz wurde 262 mal gespielt
  • Das Durchschnittsergebnis liegt bei 377 aus 535
Antwortstatistiken
Antwort % Korrekt
die
100%
Die
100%
geh
99%
Hurra,
99%
Unter
99%
unter!
99%
Welt
99%
geht
98%
Wir
97%
wir
97%
diese
95%
Und
95%
und
95%
im
93%
Atomschutzbunker
91%
Atomschutzbunker:
91%
da"
90%
singen
88%
das
86%
ich
86%
Ich
86%
ein
84%
Ein
84%
den
83%
der
82%
Der
82%
so
82%
'ne
81%
was
81%
Was
81%
wie
81%
in
79%
wenn
79%
Wenn
79%
ist
78%
sein?
77%
uns
77%
uns,
77%
war
77%
auf
76%
Auf
76%
es
76%
Es
76%
alle
75%
an
75%
bin
75%
dir
75%
du
75%
Du
75%
sie
75%
Sie
75%
soll
75%
nicht
73%
nicht,
73%
alles
72%
für
71%
teilen?
71%
weg
71%
Dann
70%
dann
70%
aus
69%
aus,
69%
100
68%
wegnehm'
68%
zu
68%
erzähle
67%
mit
67%
noch
67%
Wieso
67%
wo
67%
denn
66%
Denn
66%
Paradies
66%
sich
66%
sich,
66%
unser
66%
vom
66%
Euroschein?
65%
tun
65%
Doch
64%
doch
64%
haben
64%
Ja,
64%
Leben
64%
Trümmern
64%
weil
64%
wer
64%
(wer
64%
Arbeit
63%
Arbeit,
63%
Bank
63%
einer
63%
erzählen
63%
gleich
63%
Gott
63%
'ner
63%
schön,
63%
wieder
63%
am
62%
Kinder
62%
Monopoly,
62%
nach
62%
nur
62%
sehen
62%
Sehen
62%
zur
62%
als
61%
Alten
61%
braucht
61%
Ruinen
61%
Pumpgun
60%
tragen
60%
deutschen
59%
Feigenblatt
59%
Rap,
59%
über'n
59%
vor
59%
wissen
59%
Bibel
58%
danach?
58%
danach?)
58%
Dieses
58%
gegen
58%
Kleidung
58%
mal
58%
mehr
58%
mehr,
58%
Schwingen
58%
Unsere
58%
unsere
58%
wollen,
58%
wollen
58%
anlehnt
57%
Arm
57%
auch
57%
bis
57%
brennenden
57%
einen
57%
Garten
57%
kein'
57%
Lianen
57%
Parkbank
57%
10
56%
Häuserkampf
56%
kann
56%
Liebe
56%
machen
56%
Mädchen
56%
rein
56%
schläft
56%
seinen
56%
wärmen
56%
Deutschlandfahne
55%
Heinrichplatz
55%
Papst
55%
wann
55%
Feuer
54%
Herr
54%
Heut'
54%
Kleinen
54%
lässt
54%
nüchtern
54%
pflücken
54%
"Schatz
54%
Sonne
54%
Tag,
54%
vergib
54%
verstehn's
54%
von
54%
Weißt
54%
willst
54%
wirf'
54%
Zeit
54%
ertragen
53%
ihnen
53%
Kamin
53%
rauchen?
53%
rauchen
53%
Sex
53%
Soldaten
53%
stehen
53%
Essen
52%
Helmen
52%
Sterne
52%
Bitte
51%
Bombe
51%
denken
51%
dieser
51%
Drei
51%
oder
51%
Stunden
51%
gruseln
50%
Jahren
50%
keine
50%
kochen
50%
Nacht
50%
Reichstag
50%
ritzten
50%
Tische
50%
Beim
49%
gibt
49%
gleiche
49%
Namen
49%
Tomaten
49%
zeig
49%
Ziegelstein
49%
ziehen
49%
Bürostuhlwettrennen
48%
grillen
48%
Kids
48%
Leuchtreklame
48%
Pornos
48%
Schulen
48%
aber
47%
Barbecue
47%
Danken
47%
fahren
47%
Geld
47%
jetzt
47%
Kirche
47%
Pflastersteinen
47%
Sandstrand
47%
wunderschön
47%
Äpfel
46%
Goldbarren
46%
große
46%
Pässe
46%
Schmecken
46%
dich
45%
Hallen
45%
Seit
45%
wartet
45%
heutiges
44%
Komm
44%
schmolzen?
44%
spielen
44%
Gefängnisgittern
43%
miteinander
43%
Platz
43%
Flammen
42%
früher
42%
Gefühl,
42%
ihre
42%
löschen
42%
moosbedeckten
42%
Baby
41%
Feldern
41%
müssen
41%
wollten?
41%
besser
40%
jagten
40%
Nestlé
40%
Potsdamer
40%
wein'
40%
Dort
39%
einmal
39%
ewig
39%
Haar
39%
hält
39%
dachten
38%
geschlafen
38%
Knast
38%
löchrigen
38%
Scheiße
38%
durch's
37%
Erinnerst
37%
Schlösser
37%
wurde
37%
Konfetti
36%
streich
36%
unsern
36%
echt
35%
Leckerbissen
34%
Ott
34%
Vogelnester
34%
erlegen
33%
Haustüren
33%
Bogen,
32%
Heldentaten
31%
McDonald's
31%
Nimm
31%
Pfeil
31%
zeugen
31%
Verbrannte
30%
aufwache
29%
hinter
29%
Kühe
24%
weiden
24%
Tavla
9%
Keine übereinstimmenden Quizze gefunden
Verteilung der Resultate
Anzahl Personen mit jedem Resultat
Perzentil nach korrekt beantworteten Fragen
Ihre Resultats-Entwicklung
Sie haben dieses Quiz noch nicht gespielt